000 00751nam a2200229Ia 4500
001 10689
003 GE_BSU
008 181216s||||||||xx |||||||||||||| ||und||
040 _cGE_BSU
080 _a821.353.1-1
100 _aფოცხიშვილი,მორის
245 _aშვება.
245 _bლექსები.
245 _cწინასიტყვ.ავტ.შოთა ნიშნიანიძე;რედ.თ.დაუშვილი;მხატვ.დ.დუნდუა.
260 _aთბილისი.
260 _bსაბჭ.საქართველო.
260 _c1986.
300 _a343გვ;21სმ.
300 _eპორტრ.
653 _aშვება.
942 _cBK
999 _c43940
_d43940